[Event "WWRR IM 2020"]
[Site "Wachtebeke"]
[Date "2020.02.23"]
[Round "3.3"]
[White "Beukema, Jasper"]
[Black "Grochal, Joey"]
[Result "1-0"]
[WhiteElo "2329"]
[BlackElo "2303"]
[Annotator "TA"]
[PlyCount "91"]
[EventDate "2020.02.22"]
[EventType "tourn"]
[EventCountry "BEL"]
[SourceTitle "playchess.com"]
[Source "ChessBase"]
[SourceQuality "1"]

{[%evp 24,91,38,0,0,0,0,0,0,-8,64,-15,-16,-50,0,-22,0,0,47,50,43,47,46,27,83,-31,96,91,176,177,475,197,191,182,372,366,365,366,369,363,383,377,381,379,393,397,386,396,745,741,1202,1200,1157,1136,5406,934,949,974,947,925,29987,29988,29992,1635,29991,29992,29992,29993,29993,29994]} 1. d4 Nf6 2. c4 e6 3. Nc3 d5 4. cxd5 exd5 5. Bg5 Be7 6. e3 Nbd7 {[%cal Bb8d7,Bd7f8,Bf8e6,Be6c5][%mdl 32]} 7. Bd3 O-O 8. Nge2 Re8 9. O-O Nf8 10. Qc2 c6 11. f3 Nh5 12. Bxe7 Rxe7 13. e4 dxe4 $1 {D36: Queen's Gambit Declined: Exchange Variation: Main line (5 Bg5 c6 6 Qc2).} 14. fxe4 Ne6 15. d5 Nc5 {The position is equal.} 16. Rad1 Bg4 (16... Qb6 $11 17. Kh1 Bg4) 17. Bc4 ({Better is} 17. h3 $14 Bd7 18. d6) 17... Qb6 $1 $11 {And now ...Nxe4+ would win.} 18. Kh1 Rf8 19. Rde1 {[#]} Re5 $146 ({Predecessor:} 19... Bxe2 20. Rxe2 Re5 21. Rf5 Rfe8 22. dxc6 bxc6 23. Bxf7+ {1-0 (23) Kovaljov,D-Guthrie,D (2140) Zagan 1997}) 20. Nd4 Ne6 21. dxe6 Qxd4 22. exf7+ Kh8 {( -> ...Ng3+!)} 23. Ne2 $1 {[%cal Re2d4]} Qc5 {[#]} (23... Bxe2 $11 24. Qxe2 Nf6) 24. Qd3 (24. Qc3 $1 $16) 24... Nf6 (24... Bxe2 $1 $15 {keeps the upper hand.} 25. Rxe2 b5) 25. Nf4 $16 {White stays focused until the end.} Qe7 (25... Nh5 $16 26. Qc3 a5) 26. Qg3 $36 {[%mdl 2048] Black must now prevent Nd3. White is really pushing.} Rxe4 $2 (26... b5) 27. Qh4 (27. Rxe4 $142 Qxe4 28. Bd3) 27... Bf5 {Threatens to win with ...g5!} 28. Rxe4 Qxe4 $2 (28... Bxe4 {is a better defense.} 29. Re1 Qd6) 29. Bd3 Qe5 {next ...Bxd3 is good for Black.} 30. Re1 Qc5 {[#]} 31. b4 $1 {[%mdl 512]} Qc3 (31... Qxb4 32. Bxf5) 32. Bxf5 {[%csl Gf5][%cal Rf4g6]} g5 33. Ne2 {[%cal Bf4e2,Be2g1,Bg1f3,Bf3e5][%mdl 32]} ({Not} 33. Ng6+ Kg7 $11) 33... Qd2 34. Qg3 Rxf7 35. Ng1 h6 $2 (35... Qf4 36. Qb3 Rf8) 36. Nf3 Qxb4 37. Ne5 Rg7 38. Ng6+ Kh7 39. Nf8+ (39. Ne7+ $142 Kh8 40. Qb8+ {[%mdl 64] Double Attack} Ng8 41. Re6 Qxe7 42. Rxh6+ Rh7 {[#]} 43. Qe5+ $1 {[%mdl 512]} Nf6 44. Rxh7+ Qxh7 45. Bxh7 {[%mdl 64] Pin}) 39... Kg8 40. Ne6 Re7 41. Rd1 Qa5 42. Qd6 Qa4 43. h3 (43. Rf1 $142 Qa3 44. Qxa3 Re8 45. Qxa7 Kf7 46. Qd4 Rg8 47. Bg4 Ke7 48. Qxf6+ {[%mdl 64] Double Attack} Kd7 49. Qf7+ Kd6 50. Rd1+ Ke5 51. Qf5#) 43... Ne8 {[#]} 44. Bh7+ $1 {[%mdl 512] White mates.} Kh8 (44... Rxh7 45. Qf8#) 45. Qe5+ Kxh7 46. Qf5+ {Accuracy: White = 63%, Black = 41%.} 1-0

[Event "WWRR IM 2020"]
[Site "Wachtebeke"]
[Date "2020.02.23"]
[Round "3.4"]
[White "Risting, Eivind Olav"]
[Black "Defromont, Benjamin"]
[Result "1/2-1/2"]
[WhiteElo "2289"]
[BlackElo "2263"]
[Annotator "TA"]
[PlyCount "52"]
[EventDate "2020.02.22"]
[EventType "tourn"]
[EventCountry "BEL"]
[SourceTitle "playchess.com"]
[Source "ChessBase"]
[SourceQuality "1"]

{[%evp 20,52,33,38,24,21,45,44,41,39,42,37,31,41,42,24,52,54,83,56,78,47,36,31,42,35,68,0,127,0,19,0,113,0,0]} 1. c4 e5 2. Nc3 Nf6 3. Nf3 Nc6 4. e3 Bb4 5. Qc2 O-O 6. Nd5 Re8 7. Qf5 d6 8. Nxf6+ Qxf6 9. Qxf6 gxf6 10. a3 Bc5 11. b4 {[%cal Bb2b4,Bb4b5][%mdl 32]} Bb6 {A28: English Opening: Four Knights Variation.} 12. Bb2 a5 13. b5 Ne7 {White is slightly better.} 14. Be2 a4 15. O-O Ng6 {[#]} 16. Rac1 $146 ({Predecessor:} 16. d4 Be6 17. Rfd1 Kg7 18. Rac1 Rad8 19. Bd3 Bg4 20. Bc2 exd4 21. Bxd4 Bc5 22. h3 {½-½ (28) Beck,G (1882)-Garau,B (1966) ICCF email 2012}) 16... f5 17. d4 e4 18. Nd2 Ba5 19. Nb1 f4 20. Bd1 f3 21. gxf3 {Black must now prevent Kh1.} Bh3 22. fxe4 Kh8 {[#] Hoping for ...Rg8.} 23. Be2 ({Not} 23. Bxa4 $2 Ne5 $19) (23. Bf3 $1 $14) 23... Nh4 (23... Nf4 $1 $11 24. d5+ Re5 25. Bxe5+ dxe5) 24. Kh1 {Threatens to win with Rg1.} Bg2+ 25. Kg1 Bh3 {( -> ...Rg8+)} 26. Kh1 (26. d5+ $16 Re5 27. Bg4 (27. Bxe5+ $2 dxe5 28. Bg4 Bxg4 $17)) 26... Bg2+ {Accuracy: White = 67%, Black = 76%.} 1/2-1/2

[Event "WWRR IM 2020"]
[Site "Wachtebeke"]
[Date "2020.02.23"]
[Round "3.5"]
[White "Blom, Vincent"]
[Black "Hautot, Stephane"]
[Result "0-1"]
[WhiteElo "2308"]
[BlackElo "2322"]
[Annotator "TA"]
[PlyCount "78"]
[EventDate "2020.02.22"]
[EventType "tourn"]
[EventCountry "BEL"]
[SourceTitle "playchess.com"]
[Source "ChessBase"]
[SourceQuality "1"]

{[%evp 19,78,0,6,12,13,12,21,33,35,0,0,-72,-69,-53,-21,-29,-27,-34,-33,-66,-56,-54,-68,-149,-151,-144,-144,-224,-171,-171,-175,-252,-249,-243,-216,-208,-200,-212,-197,-211,-189,-199,-167,-329,-291,-294,-292,-296,-296,-280,-282,-293,-286,-300,-298,-303,-286,-340,-289,-698,-693]} 1. c4 c5 2. g3 Nc6 3. Bg2 g6 4. Nf3 Bg7 5. O-O e5 6. Nc3 d6 7. a3 a5 8. Ne1 Be6 9. d3 Nge7 10. Nc2 d5 11. cxd5 {A37: Symmetrical English vs ...g6: 4 Bg2 Bg7 5 Nf3.} Nxd5 12. Ne3 {[%cal Re3d5]} Nde7 13. Nc4 {The position is equal.} O-O 14. Qb3 Rb8 15. Qb5 {[#]} (15. Qb6 $1 $11 {remains equal.}) 15... Nd4 $1 $17 {[%cal Rd4b5]} 16. Qb6 $1 Nd5 17. Bxd5 Bxd5 18. Qxd8 Rfxd8 19. Nxa5 b6 {[%cal Bb7b6,Bb6b5][%mdl 32]} 20. Nc4 b5 $36 {[%mdl 2048] Black has good play.} 21. Nxd5 {White is now going downhill.} ({Better is} 21. Na5 $1 $15) 21... Nxe2+ ({Much less strong is} 21... Rxd5 22. e4 $15) (21... bxc4 22. dxc4 Nxe2+ 23. Kg2 $11) 22. Kg2 {Black must now prevent Ncb6.} Rxd5 23. Na5 (23. Re1 $17 {is a better defense.} Nxc1 24. Ne3 Rxd3 25. Raxc1) 23... Rxd3 24. Be3 Nd4 25. Rac1 (25. Rad1 $142 Rxd1 26. Rxd1) 25... c4 $19 26. Rfd1 {intending Rxd3.} e4 27. Bxd4 Rxd4 ({Weaker is} 27... Bxd4 28. Nc6 $11) 28. Nc6 Rxd1 29. Rxd1 {[%mdl 4096] Endgame KRB-KRN} Ra8 30. Rd2 Bf6 31. f3 $2 (31. Nb4) 31... exf3+ 32. Kxf3 c3 33. bxc3 Rxa3 34. Ke4 Rxc3 ({Don't play} 34... Bxc3 35. Rd8+ Kg7 36. Rd3 $19) 35. Kd5 h5 36. Ra2 Kg7 37. Re2 Rc1 38. Rf2 Rb1 {aiming for ...b4.} 39. Kc5 $2 {[#]} (39. Na5) 39... b4 $1 {Accuracy: White = 53%, Black = 95%.} 0-1

[Event "WWRR IM 2020"]
[Site "Wachtebeke"]
[Date "2020.02.24"]
[Round "4.1"]
[White "Dgebuadze, Alexandre"]
[Black "Hautot, Stephane"]
[Result "1/2-1/2"]
[WhiteElo "2485"]
[BlackElo "2322"]
[Annotator "TA"]
[PlyCount "45"]
[EventDate "2020.02.22"]
[EventType "tourn"]
[EventCountry "BEL"]
[SourceTitle "playchess.com"]
[Source "ChessBase"]
[SourceQuality "1"]

{[%evp 20,45,21,26,23,14,28,0,0,0,2,0,3,7,25,10,6,14,22,20,29,36,24,16,15,21,29,-6]} 1. e4 d6 2. d4 Nf6 3. Nc3 Nbd7 4. Nf3 e5 5. Bc4 Be7 6. O-O O-O 7. Re1 c6 8. a4 exd4 9. Nxd4 Ne5 10. Bf1 Re8 11. h3 Ng6 {[#] C50: Hungarian Defence and Giuoco Pianissimo.} 12. Bd2 $146 ({Predecessor:} 12. g3 Bf8 13. Bg2 Bd7 14. Be3 h6 15. f4 Qc7 16. Qd2 Rad8 17. Qf2 c5 18. Nb3 Bc6 19. Nd5 Bxd5 20. exd5 {½-½ (51) Bacrot,E (2686)-Markus,R (2632) Reykjavik 2015}) 12... h6 13. a5 Bd7 {The position is equal.} 14. b4 {[%cal Bb2b4,Bb4b5][%mdl 32]} Bf8 15. b5 c5 16. Nf3 Be6 17. Be3 d5 18. exd5 Nxd5 19. Nxd5 Qxd5 20. Qxd5 Bxd5 21. Nd2 Nh4 22. Bf4 Nf5 23. c3 {Not much happened in this game. Accuracy: White = 81%, Black = 100%.} 1/2-1/2

[Event "WWRR IM 2020"]
[Site "Wachtebeke"]
[Date "2020.02.24"]
[Round "4.2"]
[White "Defromont, Benjamin"]
[Black "Blom, Vincent"]
[Result "0-1"]
[WhiteElo "2263"]
[BlackElo "2308"]
[Annotator "TA"]
[PlyCount "88"]
[EventDate "2020.02.22"]
[EventType "tourn"]
[EventCountry "BEL"]
[SourceTitle "playchess.com"]
[Source "ChessBase"]
[SourceQuality "1"]

{[%evp 9,88,18,62,58,55,52,61,48,57,-4,-9,-53,-56,-64,-60,-47,-27,-25,-4,-19,-7,-15,-11,0,0,-16,-5,-16,7,-52,-59,-62,-48,-64,0,0,0,0,0,0,0,-20,0,0,0,-70,-67,-383,-383,-383,-383,-383,-376,-354,-351,-480,-477,-457,-481,-479,-461,-472,-479,-475,-475,-470,-469,-462,-427,-438,-425,-431,-410,-497,-487,-494,-464,-598,-592,-658,-634]} 1. e4 c6 2. Nf3 d5 3. Nc3 Nf6 4. e5 Ne4 5. Ne2 h6 6. d3 {B11: Caro-Kann: Two Knights Variation.} Ng5 7. Nxg5 hxg5 8. Bxg5 {[#] White is slightly better.} d4 $146 ({Predecessor:} 8... Qb6 9. Qc1 c5 10. Nc3 d4 11. Ne4 Nc6 12. Bf4 g6 13. Be2 Bg7 14. a4 Bxe5 15. Bxe5 Nxe5 {0-1 (43) Leenhouts,K (2411)-Admiraal,M (2506) Belgium 2019}) 9. Ng1 (9. Bd2 $14) 9... Qa5+ $11 10. Qd2 (10. Bd2 $5 {[%cal Rd2a5]} Qxe5+ {[%mdl 64] Double Attack} 11. Be2 $11) 10... Qxe5+ 11. Be2 Na6 12. Bf4 Qb5 {Strongly threatening ...e5.} 13. c3 g5 14. Bxg5 f6 $1 15. Bf4 e5 16. Bg3 Bf5 17. Nf3 O-O-O {Threatening ...dxc3.} 18. c4 Qb4 19. O-O (19. Nh4 $1 $11 Be6 20. f4) 19... Qxd2 $1 $15 20. Nxd2 Nc5 21. f4 $1 {[%cal Rf4e5]} e4 ({Black should play} 21... Bxd3 $15 22. Bxd3 Nxd3 23. fxe5 Bh6) 22. dxe4 Nxe4 23. Nxe4 Bxe4 24. Bf3 f5 25. Rfe1 Bc2 $36 {[%mdl 2048] Black is pushing.} 26. Bd1 d3 27. Bxc2 (27. Rc1 $11) 27... dxc2 28. Bf2 $2 {[%mdl 8192] Loses the game.} (28. Kf1 $15) 28... Bb4 $19 29. Rec1 Rd2 30. Be1 Bc5+ 31. Kf1 {[#]} Rhd8 $1 32. b4 Bxb4 {aiming for ...Rd1.} 33. a3 Bc3 34. Ra2 {[#]} Rd1 $1 {[%mdl 576] Discovered Attack} 35. Raxc2 Bxe1 36. Ke2 Rxc1 37. Rxc1 {[%mdl 4096] Endgame KRB-KR} Ba5 38. Rc2 Re8+ 39. Kf3 Re4 40. h4 Rd4 41. h5 Rd3+ {Black is clearly winning.} 42. Ke2 Rxa3 43. h6 {And now h7 would win.} Ra1 44. h7 Rh1 {Accuracy: White = 62%, Black = 96%.} 0-1

[Event "WWRR IM 2020"]
[Site "Wachtebeke"]
[Date "2020.02.24"]
[Round "4.3"]
[White "Grochal, Joey"]
[Black "Risting, Eivind Olav"]
[Result "0-1"]
[WhiteElo "2303"]
[BlackElo "2289"]
[Annotator "TA"]
[PlyCount "80"]
[EventDate "2020.02.22"]
[EventType "tourn"]
[EventCountry "BEL"]
[SourceTitle "playchess.com"]
[Source "ChessBase"]
[SourceQuality "1"]

{[%evp 21,80,16,16,26,22,0,0,9,43,25,44,27,43,21,40,0,10,0,12,-37,-43,-42,-50,-89,-72,-100,-27,-69,-52,-110,-114,-120,-99,-200,-199,-223,-219,-317,-109,-120,-96,-90,-67,-72,-86,-76,-62,-161,-161,-161,-161,-152,-164,-1904,-29971,-29971,-29972,-29972,-29970,-29965,-29966]} 1. d4 f5 2. c4 Nf6 3. Nf3 g6 4. Nc3 Bg7 5. g3 O-O 6. Bg2 d6 7. O-O c6 8. d5 e5 9. dxe6 Bxe6 10. b3 Na6 11. Ng5 Qe7 12. Nxe6 {A88: Dutch Defence: Leningrad System: 5 Nf3 0-0 6 0-0 d6 7 Nc3 c6.} Qxe6 13. Bf4 Rad8 14. Rc1 {[#] The position is equal.} Rfe8 $146 ({Predecessor:} 14... Nc5 15. Qd2 Rd7 16. Rfd1 Re8 17. Rc2 Nfe4 18. Nxe4 Nxe4 19. Qc1 Bf6 20. Be3 a5 {½-½ (27) Lifanov,V (2382)-Fister,B (2370) ICCF email 2011}) 15. Be3 Nc5 16. b4 Nce4 17. Nxe4 Nxe4 18. Bd4 Bh6 19. e3 d5 20. Qa4 dxc4 {Hoping for ...Nxf2!} 21. Qxa7 b5 22. Bxe4 fxe4 23. Rcd1 Rd7 ({Black should play} 23... Ra8 $17 24. Qb6 Reb8) 24. Qa6 Rd5 25. Bc5 (25. a4 $15) 25... Rd3 26. a4 Qd7 27. Bd4 (27. Rc1 $17 {is a better defense.}) 27... Bg7 $19 28. axb5 cxb5 29. Qb6 (29. Rde1 $142) 29... Rd8 $2 (29... Rc8 $19 {and Black stays clearly on top. Threatens to win with ...c3.} 30. Ra1 Bxd4 31. exd4 c3) 30. Ra1 $17 {Ra7 is the strong threat.} Rxd4 31. Ra7 Qe8 {[#]} ({Reject} 31... Qd6 $6 32. Qb7 $11) 32. Rxg7+ $1 {[%mdl 512]} Kxg7 33. exd4 $15 {[%mdl 4096] Endgame [#] KQR-KQR} e3 $1 34. Re1 (34. Qc5 $15) 34... exf2+ $19 35. Kxf2 Qf7+ 36. Kg2 Rf8 37. Ra1 $2 (37. Qe6) 37... Qf3+ (37... Qf2+ $19 38. Kh1 Qf3+ 39. Kg1 Qe3+ 40. Kh1 Rf2 41. Qb7+ Kh6) 38. Kg1 {Black mates.} Qe3+ 39. Kh1 Rf2 40. Qc6 Kh6 {Accuracy: White = 48%, Black = 81%.} 0-1

[Event "WWRR IM 2020"]
[Site "Wachtebeke"]
[Date "2020.02.24"]
[Round "4.4"]
[White "De Ruiter, Danny"]
[Black "Beukema, Jasper"]
[Result "0-1"]
[WhiteElo "2265"]
[BlackElo "2329"]
[Annotator "TA"]
[PlyCount "94"]
[EventDate "2020.02.22"]
[EventType "tourn"]
[EventCountry "BEL"]
[SourceTitle "playchess.com"]
[Source "ChessBase"]
[SourceQuality "1"]

{[%evp 15,94,22,25,26,21,8,18,20,25,27,31,30,39,15,3,8,23,5,15,-10,46,50,85,0,0,0,0,0,16,18,33,33,38,0,0,0,0,-20,-18,-18,-20,-27,-29,-22,0,0,0,-10,-7,-6,-18,-229,-196,-173,-171,-235,-204,-199,-220,-1080,-1060,-1127,-1127,-1127,-1127,-1127,-1127,-1127,-1127,-2956,-2720,-5065,-4133,-4134,-3375,-2186,-1760,-2893,-5102,-2777,-2697]} 1. Nf3 d5 2. d4 Nf6 3. c4 e6 4. g3 Be7 5. Bg2 O-O 6. Nc3 dxc4 7. Ne5 c5 8. dxc5 Qxd1+ 9. Nxd1 {E06: Closed Catalan: Early deviations.} Bxc5 10. Ne3 Bb4+ 11. Bd2 {The position is equal.} Bxd2+ 12. Kxd2 Rd8+ 13. Kc2 Nd5 {[#]} 14. N3xc4 $146 ({Predecessor:} 14. Rhd1 Nc6 15. Nxc6 bxc6 16. Nxc4 Ba6 17. b3 Rab8 18. a3 Nc7 19. e3 Bxc4 20. bxc4 {½-½ (30) Enchev,I (2492)-Lajthajm,B (2422) Wunsiedel 2018}) 14... f6 15. Nd3 e5 16. Rhd1 {White wants to play Nc5.} Nc6 17. b3 Rb8 ({Black should play} 17... b5 $11 18. Bxd5+ Rxd5) 18. Kb2 $14 b5 19. Ne3 (19. Nc5 $16) 19... Nxe3 $11 20. fxe3 Ne7 $1 21. Nc5 Bf5 22. b4 Bg6 23. g4 Be8 24. Ne6 Rdc8 25. Rac1 Rxc1 26. Kxc1 (26. Rxc1 $5 {[%cal Rc1c7]} Bf7 27. Rc7 Bxe6 28. Rxe7 Bxg4 29. Bd5+ Kh8 30. Bf3 $11) 26... Rc8+ 27. Kb2 Rc4 28. a3 $1 Rxg4 29. Bb7 Kf7 30. Nc7 $1 Rh4 31. Rd8 Bc6 32. Bxc6 Nxc6 {[%mdl 4096] Endgame KRN-KRN} 33. Rd6 $2 {[#] White does not recover from this.} (33. Rd7+ $11 {and White is okay.} Kg6 34. Nxb5) 33... Ne7 $19 ({Inferior is} 33... Rxh2 34. Rxc6 h5 35. Kc2 $11 (35. Nxb5 Rxe2+ 36. Kc3 Rxe3+ 37. Kd2 Rg3 $11)) 34. Nxb5 Rxh2 35. Rd2 (35. Kc3 $142) 35... g5 {Strongly threatening ...g4.} 36. Nxa7 {With the idea b5.} g4 {[#] aiming for ...Rh1.} 37. Kb3 $2 (37. b5 g3 38. b6) 37... Rh1 {Black is clearly winning.} 38. e4 g3 39. e3 Rh2 40. Rd1 g2 41. Rg1 h5 42. b5 h4 43. b6 h3 44. b7 Rh1 45. b8=Q Rxg1 46. Ka4 Rc1 47. Qb3+ Kg6 {Accuracy: White = 59%, Black = 94%.} 0-1

[Event "WWRR IM 2020"]
[Site "Wachtebeke"]
[Date "2020.02.24"]
[Round "4.5"]
[White "Huynh, Laurent"]
[Black "De Rover, Yong Hoon"]
[Result "1/2-1/2"]
[WhiteElo "2273"]
[BlackElo "2370"]
[Annotator "TA"]
[PlyCount "151"]
[EventDate "2020.02.22"]
[EventType "tourn"]
[EventCountry "BEL"]
[SourceTitle "playchess.com"]
[Source "ChessBase"]
[SourceQuality "1"]

{[%evp 14,151,37,31,49,0,3,12,31,6,5,12,7,7,14,0,0,13,14,0,0,-21,0,0,-1,-37,-4,-8,33,-35,-24,-30,-21,-31,0,0,67,68,85,-74,0,0,0,0,0,-16,0,0,0,0,0,-44,-44,-74,-37,-37,11,-72,-12,-23,-25,-26,-15,-36,-22,-38,0,0,0,0,0,0,10,-8,-8,-8,-2,-38,0,0,269,8,57,51,110,104,133,-29994,114,92,75,49,90,79,91,94,88,63,79,9,78,0,0,-489,-560,-513,-514,-1066,-997,-970,-954,-1082,-1055,-911,-987,-639,-498,-1182,-1353,-29959,-29962,-29962,-29964,-29964,-29965,-29964,-29965,-29965,-29966,-29964,-8,-8,0,-29965,-29949,-1324,0,-8,-8,-8]} 1. e4 c5 2. Nf3 d6 3. d4 cxd4 4. Nxd4 Nf6 5. Nc3 a6 6. h3 g6 7. g4 Bg7 8. Bg2 O-O {B90: Sicilian Najdorf: Unusual White 6th moves, 6 Be3 Ng4 and 6 Be3 e5.} 9. O-O Nc6 10. Be3 Nd7 {[#]} 11. b3 $146 ({Predecessor:} 11. Qd2 Nxd4 12. Bxd4 Bxd4 13. Qxd4 g5 14. Nd5 Ne5 15. Rad1 Be6 16. Qe3 f6 17. f4 gxf4 18. Rxf4 {½-½ (79) Andriasian,Z (2611)-Fedoseev,V (2677) Moscow 2019}) 11... Nxd4 12. Bxd4 Bxd4 13. Qxd4 g5 14. Rad1 Ne5 15. Nd5 Be6 16. f4 gxf4 17. Nxf4 Qa5 18. Rf2 Rac8 19. Rdf1 b6 20. Kh1 Qc5 21. Qd2 (21. Nxe6 $14 fxe6 22. Qxc5 bxc5 23. Rxf8+ Rxf8 24. Rxf8+ Kxf8 25. Bf1) 21... Ng6 $1 $15 22. Nh5 f6 23. c4 Kh8 24. Rf5 Qc7 (24... Bxf5 $11 25. exf5 Ne5) 25. Qh6 $14 {[%csl Gh5][%cal Rh6g7]} Rg8 26. Ng3 $2 (26. g5 $1 $16) 26... Nf8 ({Black should try} 26... Bxf5 $17 27. exf5 Ne5) 27. R5f2 $11 b5 28. cxb5 axb5 29. Ne2 Qa7 30. Qd2 Ng6 31. Nd4 Bd7 32. Nf3 Ne5 33. Nd4 Rc5 (33... b4 $5) 34. Nf5 Bc6 35. Qh6 (35. Nh6 $11 Rg6 36. g5 $1 {[%mdl 512]} Rxg5 37. Rxf6 $1 {[%mdl 512]} exf6 38. Qxd6) 35... Nf7 (35... Rc3 $17) 36. Qe3 {aiming for b4.} Qb7 37. Re1 b4 38. Qd4 Ne5 39. Rfe2 Rc3 40. Re3 $1 Rxe3 41. Rxe3 Rc8 42. Rg3 Be8 43. g5 fxg5 $1 44. Rxg5 Qc7 $36 {[%mdl 2048] White is under pressure.} 45. Kh2 Bg6 (45... Qc1 $5 {[%cal Rc1g5]} 46. Rg3 Qf4 $11) 46. Qxb4 Qc2 $2 {[%mdl 8192]} (46... e6 $11) 47. Qd4 $2 (47. Nxe7 $18 Qf2 48. Rg3) 47... Bxf5 (47... Rc3 $5 {[%cal Rc3d3]} 48. Rg3 (48. Nxe7 $2 Rd3 $19) 48... Rxg3 49. Kxg3 Bxf5 50. exf5 Qxa2 $14) 48. Rxf5 Rg8 (48... Kg7 $14) 49. Rf2 $16 Qc1 50. Qd2 $2 {[%mdl 8192] [#]} (50. b4 $16) 50... Qc5 $2 (50... Nf3+ $1 {[%mdl 512]} 51. Rxf3 Qxd2 52. Rg3 Qf4 $1 {[%mdl 512]} 53. Kg1 Rxg3 54. Kh1 Qf2 $1 {[%mdl 576] Double Attack} 55. h4 Qxg2#) 51. Rf5 Rc8 52. Qf4 Rg8 53. Qf2 {Qxc5 is the strong threat.} Qc3 54. Rf8 Ng6 55. Rxg8+ Kxg8 56. Qf5 ({Better is} 56. h4 $16) 56... Qb2 (56... Kg7 $11) 57. Qe6+ (57. a4 $16) 57... Kf8 58. a4 $2 {[%mdl 8192]} (58. Qf5+ $11 {and White has nothing to worry.} Kg7 59. a4) 58... Qxg2+ $1 $19 {[%mdl 64] Decoy} 59. Kxg2 Nf4+ {[%mdl 64] Double Attack} 60. Kf2 (60. Kf3 $142 Nxe6 61. Kf2) 60... Nxe6 {[%mdl 4096] Endgame KN-KP} 61. b4 Ke8 62. h4 Kd7 63. Kf3 Nc7 64. Kf4 Kc6 65. h5 (65. Kg5 $142 Ne8 66. Kf5) 65... e6 66. h6 d5 67. Ke5 dxe4 68. Kxe4 {KN-K3P} Kd6 69. Kd4 e5+ 70. Kc4 Nd5 71. a5 Ne3+ $2 (71... Nf6 {mates} 72. Kb5 Nd7 73. Kc4 Nf6 74. Kb5 Nd7 75. Kc4 Kc6 76. b5+ Kd6 77. Kb4 Kd5 78. b6 Kc6 79. Kc4 Nc5 80. Kb4 Na6+ 81. Kc4 Nb8 82. Kb4 Nd7 83. Kc4 Nc5 84. Kb4 Ne4 85. Kc4 Nc5) 72. Kd3 $11 Nd5 73. b5 $2 {[%mdl 8192]} (73. Kc4 $11 Nf6 74. Kb5) 73... Nc7 74. Kc4 {[#]} Nd5 $2 ({Black should play} 74... Ne8 $1 $19 {[%cal Re8f6] Hoping for ...Nf6.} 75. Kb4 Nf6) 75. b6 {Black must now prevent b7.} Ne7 {And now ...Kc6 would win.} 76. a6 {Accuracy: White = 59%, Black = 66%.} 1/2-1/2

[Event "WWRR IM 2020"]
[Site "Wachtebeke"]
[Date "2020.02.24"]
[Round "5.1"]
[White "De Rover, Yong Hoon"]
[Black "Dgebuadze, Alexandre"]
[Result "1/2-1/2"]
[WhiteElo "2370"]
[BlackElo "2485"]
[Annotator "TA"]
[PlyCount "64"]
[EventDate "2020.02.22"]
[EventType "tourn"]
[EventCountry "BEL"]
[SourceTitle "playchess.com"]
[Source "ChessBase"]
[SourceQuality "1"]

{[%evp 24,64,0,0,0,0,0,0,10,8,4,12,53,52,54,48,112,45,45,45,40,40,36,0,18,0,36,11,51,62,54,0,167,107,122,95,231,60,39,11,39,0,0]} 1. e4 e6 2. d4 d5 3. Nc3 Bb4 4. e5 Ne7 5. a3 Bxc3+ 6. bxc3 c5 7. Qg4 O-O 8. Bd3 Nbc6 9. Qh5 Ng6 10. Nf3 Qc7 11. Be3 c4 12. Bxg6 fxg6 13. Qg4 Bd7 {C18: French: 3 Nc3 Bb4: Main line: 7 h4 and 7 Qg4.} (13... Qe7 14. h4 Rf5 15. Ng1 Bd7 16. Ne2 Qf8 17. Qh3 h6 18. g4 Rf7 19. f4 b5 20. h5 g5 21. O-O Qe7 22. fxg5 Rxf1+ 23. Rxf1 hxg5 24. h6 Rf8 25. Rxf8+ Qxf8 26. Bxg5 gxh6 27. Bf6 Qf7 28. Qxh6 Qh7 29. Qg5+ Kf7 30. Nf4 a5 31. Nh5 Qg6 {½-½ (51) De Rover,Y (2401)-Dgebuadze,A (2522) Belgium 2017}) 14. h4 {And now h5 would win.} Rf5 $1 15. h5 gxh5 16. Rxh5 Rxh5 17. Qxh5 {Ng5 is the strong threat.} Be8 18. Qh3 Nd8 19. Kd2 Qd7 (19... Bg6 $14) 20. Rh1 (20. g4 $1 $16) 20... Bg6 $14 21. Nh4 Qf7 $1 22. g4 Nc6 23. f4 Be4 24. Rf1 Rf8 25. f5 $1 {[#]} Qe7 $146 ({Predecessor:} 25... Nd8 26. Rf2 Qd7 27. f6 Qa4 28. Kd1 Rf7 29. g5 g6 30. Bc1 Qb5 31. Ng2 Bxg2 32. Qxg2 {½-½ (31) Berecz,A (2390)-Kolehmainen,K (2438) ICCF email 2006}) 26. f6 $1 {[%cal Rf6e7]} Qe8 27. Bg5 (27. g5 $14 g6 28. Ra1) 27... h6 $2 (27... a5 $11 {and Black has nothing to worry.}) 28. Be3 ({White should try} 28. Bf4 $1 $18) 28... Nd8 $16 {[#]} 29. g5 $1 {[%cal Rg5h6]} ({Much worse is} 29. fxg7 $6 Rxf1 30. Qxf1 Nf7 $11) 29... hxg5 {[#]} (29... g6 $16 {was worth a try.}) 30. Bxg5 $2 (30. Qg4 $1 $18) 30... Qh5 $14 31. Rg1 g6 32. Rg3 Kf7 {Accuracy: White = 67%, Black = 63%.} 1/2-1/2